[Event "Druga liga CS - Zapad 2018"]
[Site "?"]
[Date "2018.09.08"]
[Round "3.4"]
[White "Radenkovic, Aleksa"]
[Black "Demirovic, Omar"]
[Result "1-0"]
[WhiteElo "2004"]
[BlackElo "2063"]
[PlyCount "55"]
[EventDate "2018.09.07"]
[WhiteTeam "ZUPA - Aleksandrovac"]
[BlackTeam "TUTIN - Tutin"]

1. Nc3 c6 2. e4 d5 3. d4 dxe4 4. Nxe4 Bf5 5. Ng3 Bg6 6. Nf3 e6 7. h4 h6 8. Ne5
Bh7 9. Bd3 Bxd3 10. Qxd3 Nf6 11. Bd2 Nbd7 12. f4 Bd6 13. O-O-O Qe7 14. Rhe1
O-O-O 15. Kb1 h5 16. Qf3 g6 17. Ba5 Bc7 18. Bxc7 Kxc7 19. f5 gxf5 20. Nxf5 Qf8
21. Qg3 Kc8 22. Nxf7 exf5 23. Nd6+ Kc7 24. Ne8+ Kb6 25. Qc7+ Ka6 26. Nd6 Nc5
27. dxc5 Rd7 28. Re3 1-0

[Event "Druga liga CS - Zapad 2018"]
[Site "?"]
[Date "2018.09.08"]
[Round "3.4"]
[White "Semsovic, Alija"]
[Black "Micic, Aleksa"]
[Result "1/2-1/2"]
[WhiteElo "2063"]
[BlackElo "1683"]
[PlyCount "88"]
[EventDate "2018.09.07"]
[WhiteTeam "TUTIN - Tutin"]
[BlackTeam "ZUPA - Aleksandrovac"]

1. e4 c5 2. Nf3 d6 3. Nc3 Nf6 4. Bc4 e6 5. d4 cxd4 6. Nxd4 a6 7. Bg5 Be7 8. Qd3
Nbd7 9. Bb3 Qc7 10. O-O O-O 11. Rad1 b5 12. Rfe1 Bb7 13. a3 Rac8 14. Qg3 Qb8
15. Bh6 Nh5 16. Qh3 Nhf6 17. Bg5 Nc5 18. Ba2 Rfe8 19. Qf3 Qa8 20. Bxf6 Bxf6 21.
b4 Nd7 22. Qg3 Qb8 23. Bb3 Nb6 24. Nce2 Bxe4 25. Nf4 d5 26. f3 Bxd4+ 27. Rxd4
Bg6 28. Rd2 Red8 29. h4 Nc4 30. Rde2 Nxa3 31. h5 Bxc2 32. Bxc2 Rxc2 33. h6 g6
34. Qg5 Rxe2 35. Rxe2 Qb6+ 36. Kh2 Qd6 37. g4 Rc8 38. Qf6 Qf8 39. g5 Rc2 40.
Rxc2 Nxc2 41. Nxe6 fxe6 42. Qxe6+ Kh8 43. Qe5+ Kg8 44. Qxd5+ Kh8 1/2-1/2

[Event "Druga liga CS - Zapad 2018"]
[Site "?"]
[Date "2018.09.08"]
[Round "3.5"]
[White "Stojanovic, Dobrisav"]
[Black "Danilovic, Aleksandar"]
[Result "0-1"]
[WhiteElo "2303"]
[BlackElo "2403"]
[PlyCount "74"]
[EventDate "2018.09.07"]
[WhiteTeam "PRIKO- Prijepolje"]
[BlackTeam "IVANJICA- Ivanjica"]

1. d4 f5 2. Nf3 Nf6 3. g3 e6 4. c4 d5 5. Bg2 c6 6. O-O Bd6 7. cxd5 exd5 8. Ne5
O-O 9. Nc3 Nbd7 10. f4 Ne4 11. e3 Ndf6 12. Bd2 Be6 13. Rc1 Nxc3 14. Bxc3 Ne4
15. Be1 Qe7 16. Nd3 Rac8 17. b4 b6 18. Qa4 Bd7 19. Qb3 Kh8 20. Ne5 Bxe5 21.
dxe5 Be6 22. Qb2 c5 23. a4 Qd7 24. Qa1 d4 25. bxc5 bxc5 26. exd4 cxd4 27. Bb4
Rfd8 28. Ba5 Re8 29. Rfd1 d3 30. Rxc8 Rxc8 31. Bf1 Bc4 32. e6 Qxe6 33. Bxd3 Ng5
34. fxg5 Qe3+ 35. Kg2 Bxd3 36. Kh3 Qxg5 37. Rd2 Be4 0-1

[Event "Druga liga CS - Zapad 2018"]
[Site "?"]
[Date "2018.09.08"]
[Round "3.5"]
[White "Vuckovic, Branko"]
[Black "Kahrovic, Mersid"]
[Result "1/2-1/2"]
[WhiteElo "2245"]
[BlackElo "2221"]
[PlyCount "31"]
[EventDate "2018.09.07"]
[WhiteTeam "IVANJICA- Ivanjica"]
[BlackTeam "PRIKO- Prijepolje"]

1. e4 d6 2. d4 Nf6 3. Nc3 g6 4. f3 Bg7 5. Be3 Nbd7 6. h4 e6 7. Qd2 Nb6 8. Bh6
Bxh6 9. Qxh6 Bd7 10. O-O-O Qe7 11. g4 O-O-O 12. Nh3 d5 13. e5 Ne8 14. h5 gxh5
15. Qxh5 h6 16. Nf4 1/2-1/2

[Event "Druga liga CS - Zapad 2018"]
[Site "?"]
[Date "2018.09.08"]
[Round "3.5"]
[White "Kijanovic, Igor"]
[Black "Bugarcic, Ivan"]
[Result "1/2-1/2"]
[WhiteElo "2118"]
[BlackElo "2184"]
[PlyCount "72"]
[EventDate "2018.09.07"]
[WhiteTeam "PRIKO- Prijepolje"]
[BlackTeam "IVANJICA- Ivanjica"]

1. d4 g6 2. c4 Bg7 3. Nc3 c5 4. e3 Nf6 5. Nf3 O-O 6. Be2 b6 7. O-O d6 8. b3
cxd4 9. Nxd4 Bb7 10. Bf3 d5 11. Ba3 Re8 12. Rc1 Na6 13. Ndb5 Nc7 14. Nxc7 Qxc7
15. Nxd5 Nxd5 16. Bxd5 Rad8 17. Qf3 Bxd5 18. cxd5 Qe5 19. Rfd1 Rd7 20. Rc2 Red8
21. Rcd2 e6 22. Bb2 Qf5 23. Bxg7 Qxf3 24. gxf3 Kxg7 25. e4 Kf6 26. f4 exd5 27.
exd5 Kf5 28. Rd4 Rd6 29. Kg2 h6 30. Kf3 Rc8 31. R1d3 b5 32. a4 a6 33. h4 f6 34.
axb5 axb5 35. b4 Rcd8 36. Rd1 R8d7 1/2-1/2

[Event "Druga liga CS - Zapad 2018"]
[Site "?"]
[Date "2018.09.08"]
[Round "3.5"]
[White "Naskovic, Filip"]
[Black "Brajovic, Miroljub"]
[Result "1-0"]
[WhiteElo "2197"]
[BlackElo "2111"]
[PlyCount "55"]
[EventDate "2018.09.07"]
[WhiteTeam "IVANJICA- Ivanjica"]
[BlackTeam "PRIKO- Prijepolje"]

1. e4 d5 2. exd5 Qxd5 3. d4 Nf6 4. Nf3 c6 5. Nbd2 e6 6. Bc4 Qa5 7. O-O Be7 8.
Qe2 O-O 9. c3 Qc7 10. Ne5 c5 11. Ndf3 a6 12. a4 cxd4 13. cxd4 Nd5 14. Bd2 Qd8
15. Rfe1 b6 16. Rac1 Bb7 17. Bb3 Qd6 18. h4 Nd7 19. Ng5 N7f6 20. Qd3 g6 21. Qh3
Kg7 22. Nexf7 Rxf7 23. Rxe6 Nf4 24. Rxd6 Nxh3+ 25. gxh3 Bxd6 26. Nxf7 Ne4 27.
Bh6+ Kf6 28. f3 1-0

[Event "Druga liga CS - Zapad 2018"]
[Site "?"]
[Date "2018.09.08"]
[Round "3.5"]
[White "Milikic, Milorad"]
[Black "Musovic, Sabrija"]
[Result "1/2-1/2"]
[WhiteElo "2015"]
[BlackElo "2005"]
[PlyCount "48"]
[EventDate "2018.09.07"]
[WhiteTeam "IVANJICA- Ivanjica"]
[BlackTeam "PRIKO- Prijepolje"]

1. e4 c5 2. Nc3 d6 3. h3 Nf6 4. Nf3 a6 5. a4 g6 6. Bc4 e6 7. d3 Bg7 8. Bg5 h6
9. Bh4 Nc6 10. O-O O-O 11. Re1 Qc7 12. Qd2 Kh7 13. Bg3 Nd7 14. Rab1 Nde5 15.
Nxe5 dxe5 16. Ne2 Na5 17. Ba2 Bd7 18. Ra1 Nc6 19. f3 Rac8 20. Red1 Nd4 21. Nxd4
cxd4 22. Bb3 f5 23. Rf1 g5 24. Qe2 f4 1/2-1/2

[Event "Druga liga CS - Zapad 2018"]
[Site "?"]
[Date "2018.09.08"]
[Round "3.6"]
[White "Ninov, Dayan"]
[Black "Misailovic, Nebojsa"]
[Result "1/2-1/2"]
[WhiteElo "2255"]
[BlackElo "2362"]
[PlyCount "93"]
[EventDate "2018.09.07"]
[WhiteTeam "KRUSEVAC - Krusevac"]
[BlackTeam "SLOBODA - Uzice"]

1. Nf3 Nf6 2. g3 g6 3. b3 Bg7 4. Bb2 O-O 5. Bg2 c5 6. O-O Nc6 7. c4 d6 8. Re1
e5 9. Nc3 Bf5 10. d3 Qd7 11. Ng5 h6 12. Nge4 Ne8 13. Nd5 Bh3 14. Bh1 f5 15.
Nec3 Nf6 16. Nxf6+ Rxf6 17. Nd5 Rf7 18. f4 Raf8 19. Qd2 g5 20. e3 Qe6 21. Bf3
Kh7 22. Kh1 Qg6 23. Rg1 Rg8 24. Qe2 g4 25. Bg2 Ne7 26. Nc3 Bxg2+ 27. Qxg2 exf4
28. exf4 Bd4 29. Rge1 Qg7 30. Qd2 d5 31. Rab1 Rd8 32. Nb5 Bxb2 33. Qxb2 Nc6 34.
Qxg7+ Kxg7 35. Rbd1 dxc4 36. dxc4 Rfd7 37. Nc3 Rd2 38. Kg1 h5 39. Rxd2 Rxd2 40.
Rd1 Rc2 41. Rd7+ Kf8 42. Nd5 Nd4 43. Nf6 h4 44. Nh7+ Ke8 45. Nf6+ Kf8 46. Nh7+
Ke8 47. Nf6+ 1/2-1/2

[Event "Druga liga CS - Zapad 2018"]
[Site "?"]
[Date "2018.09.08"]
[Round "3.6"]
[White "Misojcic, Miroslav"]
[Black "Jovicic, Radosav"]
[Result "0-1"]
[WhiteElo "2244"]
[BlackElo "2219"]
[PlyCount "30"]
[EventDate "2018.09.07"]
[WhiteTeam "SLOBODA - Uzice"]
[BlackTeam "KRUSEVAC - Krusevac"]

1. d4 Nf6 2. c4 g6 3. Nf3 Bg7 4. g3 O-O 5. Bg2 d6 6. Nc3 Nc6 7. O-O Bd7 8. d5
Na5 9. Qd3 c5 10. Bd2 a6 11. Nh4 Ng4 12. f4 b5 13. cxb5 axb5 14. h3 Nh6 15.
Nxb5 c4 0-1

[Event "Druga liga CS - Zapad 2018"]
[Site "?"]
[Date "2018.09.08"]
[Round "3.6"]
[White "Djokic, Slavoljub"]
[Black "Pecinar, Zoran"]
[Result "1/2-1/2"]
[WhiteElo "2122"]
[BlackElo "2150"]
[PlyCount "99"]
[EventDate "2018.09.07"]
[WhiteTeam "KRUSEVAC - Krusevac"]
[BlackTeam "SLOBODA - Uzice"]

1. c4 Nf6 2. Nc3 g6 3. g3 Bg7 4. Bg2 O-O 5. Nf3 d6 6. O-O e5 7. d4 Nc6 8. dxe5
Nxe5 9. Nxe5 dxe5 10. Qxd8 Rxd8 11. Bg5 Rd4 12. b3 c6 13. Na4 h6 14. Be3 Rd8
15. Rad1 Re8 16. Rd2 Bf8 17. Rfd1 Be6 18. Bc5 Bxc5 19. Nxc5 Rab8 20. Nxb7 Rxb7
21. Bxc6 Ree7 22. Bxb7 Rxb7 23. Rd8+ Kg7 24. Ra8 Nd7 25. Rd6 Nc5 26. Rc6 Ne4
27. Ra6 Rd7 28. f3 Nc3 29. R8xa7 Rd8 30. Kf2 Kf8 31. Ra5 Rd2 32. Ke3 Rb2 33.
Rxe5 Nxa2 34. Kd4 Rd2+ 35. Kc5 Nc1 36. Rxe6 fxe6 37. b4 Ke8 38. b5 Nb3+ 39. Kb4
Nc1 40. Rg7 Rxe2 41. Rxg6 Kd7 42. c5 Nd3+ 43. Ka5 Nxc5 44. Rxh6 Kd6 45. f4 Ra2+
46. Kb4 Rb2+ 47. Kc4 Rc2+ 48. Kd4 Rb2 49. Kc4 Rc2+ 50. Kd4 1/2-1/2

[Event "Druga liga CS - Zapad 2018"]
[Site "?"]
[Date "2018.09.08"]
[Round "3.6"]
[White "Knezevic, Veljko"]
[Black "Djordjevic, Gradimir"]
[Result "0-1"]
[WhiteElo "2086"]
[BlackElo "2003"]
[PlyCount "60"]
[EventDate "2018.09.07"]
[WhiteTeam "SLOBODA - Uzice"]
[BlackTeam "KRUSEVAC - Krusevac"]

1. Nf3 d5 2. d4 g6 3. e3 Bg7 4. Be2 Nf6 5. O-O O-O 6. b3 Ne4 7. Bb2 Bg4 8. Nbd2
Nxd2 9. Qxd2 Nd7 10. h3 Bxf3 11. Bxf3 c6 12. c4 e6 13. Rac1 f5 14. cxd5 exd5
15. b4 a6 16. Be2 Rc8 17. a4 b5 18. axb5 axb5 19. Ra1 Nb6 20. Rfc1 Qd7 21. Ra5
Qb7 22. Rca1 Ra8 23. Bc3 Rfb8 24. Qc2 Bf6 25. g4 fxg4 26. Bxg4 Nc4 27. R5a2 Kf7
28. e4 Rxa2 29. Rxa2 Ra8 30. e5 Bg5 0-1

[Event "Druga liga CS - Zapad 2018"]
[Site "?"]
[Date "2018.09.08"]
[Round "3.6"]
[White "Zajic, Milun"]
[Black "Zivanic, Slobodan"]
[Result "1-0"]
[WhiteElo "2006"]
[BlackElo "2068"]
[PlyCount "61"]
[EventDate "2018.09.07"]
[WhiteTeam "KRUSEVAC - Krusevac"]
[BlackTeam "SLOBODA - Uzice"]

1. c4 Nf6 2. g3 g6 3. Bg2 Bg7 4. Nc3 O-O 5. d3 d6 6. e4 c5 7. Nge2 Nc6 8. O-O
a6 9. h3 Rb8 10. Rb1 b5 11. f4 Bd7 12. Be3 b4 13. Nd5 Nxd5 14. cxd5 Nd4 15.
Nxd4 cxd4 16. Bf2 Qa5 17. Ra1 Qb6 18. Qe2 a5 19. g4 e5 20. dxe6 fxe6 21. Bg3 e5
22. h4 exf4 23. Bxf4 Rbe8 24. h5 Be5 25. Bh6 Rxf1+ 26. Rxf1 Be6 27. Qf2 Qd8 28.
g5 Qe7 29. b3 Rc8 30. Qf3 Qf7 31. Bh3 1-0

[Event "Druga liga CS - Zapad 2018"]
[Site "?"]
[Date "2018.09.08"]
[Round "3.6"]
[White "Cvijovic, Marko"]
[Black "Pribanovic, Milivoje"]
[Result "0-1"]
[WhiteElo "1654"]
[BlackElo "1871"]
[PlyCount "104"]
[EventDate "2018.09.07"]
[WhiteTeam "SLOBODA - Uzice"]
[BlackTeam "KRUSEVAC - Krusevac"]

1. d4 Nf6 2. Nf3 e6 3. g3 d5 4. Bg2 c5 5. c3 Be7 6. O-O O-O 7. Ne5 Nbd7 8. Nxd7
Bxd7 9. Nd2 Bc6 10. Nf3 b6 11. Ne5 Bb7 12. b3 cxd4 13. cxd4 Rc8 14. Bb2 Bd6 15.
Rc1 Qe7 16. Qd2 Bb4 17. Qf4 Nd7 18. Nd3 Bd6 19. Qd2 Nf6 20. Ne5 Ne4 21. Qd3 Ba3
22. Bxa3 Qxa3 23. Rxc8 Rxc8 24. Bxe4 dxe4 25. Qd2 Qd6 26. Rd1 Qc7 27. Qe3 f6
28. Nc4 Bd5 29. Re1 b5 30. Nd2 f5 31. f3 Qc3 32. Kf2 exf3 33. exf3 Qb2 34. Qf4
Rc2 35. Re2 h6 36. g4 fxg4 37. fxg4 Qc3 38. Nf3 Rxe2+ 39. Kxe2 Bxf3+ 40. Qxf3
Qxd4 41. h3 Qd5 42. Qe3 a5 43. Kf2 a4 44. Ke2 Kf7 45. Qf4+ Kg6 46. Qe3 axb3 47.
axb3 e5 48. Qb6+ Kg5 49. Qe3+ Kh4 50. Kf2 Qd4 51. b4 Qxe3+ 52. Kxe3 Kxh3 0-1

[Event "Druga liga CS - Zapad 2018"]
[Site "?"]
[Date "2018.09.08"]
[Round "3.6"]
[White "Ristic, Dejan D"]
[Black "Vasiljevic, Milan D"]
[Result "1-0"]
[WhiteElo "1803"]
[BlackElo "1661"]
[PlyCount "77"]
[EventDate "2018.09.07"]
[WhiteTeam "KRUSEVAC - Krusevac"]
[BlackTeam "SLOBODA - Uzice"]

1. c4 Nc6 2. g3 d6 3. Nc3 g6 4. Bg2 Bg7 5. e3 Nf6 6. d4 O-O 7. Nge2 Bd7 8. O-O
Qc8 9. Nf4 e5 10. dxe5 dxe5 11. Nfd5 Bh3 12. b4 Bxg2 13. Kxg2 Nxd5 14. Nxd5 Re8
15. Bb2 Ne7 16. Rc1 c6 17. Nc3 Qe6 18. Ne4 Rad8 19. Qa4 a6 20. Nc5 Qc8 21. Rfd1
h5 22. Ne4 Nf5 23. Qb3 Re6 24. Ng5 Red6 25. Rxd6 Rxd6 26. c5 Rd7 27. Rd1 Qe8
28. h4 Qe7 29. a4 Qe8 30. Rb1 Kh8 31. b5 axb5 32. axb5 f6 33. Ne4 Rd5 34. Ra1
Qd7 35. Ra8+ Kh7 36. b6 Ne7 37. Rb8 Nf5 38. Qc4 Bh6 39. Nxf6+ 1-0